|
|
|
|
| LEADER |
00000nab a2200000 a 4500 |
| 001 |
vtls000728123 |
| 003 |
SK-MaSNL |
| 005 |
20260318114703.0 |
| 008 |
160405c2000 xo 0 hun |
| 015 |
|
|
|a SNBRB2000/07-19465
|
| 035 |
|
|
|a CLN000080273
|
| 040 |
|
|
|a SNKBUCL
|b slo
|c SNKBUCL
|e AACR2
|
| 041 |
0 |
|
|a hun
|
| 044 |
|
|
|a xo
|c SK
|
| 080 |
|
|
|a 323.15(4):061.2:061.3
|2 1997
|
| 100 |
1 |
|
|a Kamoncza, Márta
|d 1963-
|4 aut
|9 849024
|
| 245 |
1 |
0 |
|a Védőügyvédi szerepet lát el
|b az Európai Népcsoportok Föderális Uniójának (FUEV) 45. kongresszusa
|c Kamoncza Márta
|
| 610 |
|
7 |
|a Federalistická únia európskych etnických skupín
|x kongresy
|y 1.-3.6.2000
|2 snkbucl
|9 1615494
|
| 651 |
|
7 |
|a Komárno (Slovensko : okres)
|2 snkbucl
|9 15954
|
| 655 |
|
7 |
|a články z novín a časopisov
|2 snkbucl
|9 267496
|
| 773 |
0 |
|
|t Új szó
|g Roč. 53, č. 126 (2.6.2000), s. 5
|
| 850 |
|
|
|a Slovenská národná knižnica v Martine
|
| 852 |
|
|
|a SNK
|b KIS3GCP
|
| 958 |
|
|
|a HU
|
| 958 |
|
|
|a SK
|
| 958 |
|
|
|a RBX
|
| 999 |
|
|
|c 3328621
|d 3330551
|